The open door : the Bradford bilingual project /

Bibliographic Details
Main Author: Fitzpatrick, Finbarré
Format: Book
Language:English
Published: Clevedon, Avon ; Philadelphia : Multilingual Matters, [1987]
Series:Multilingual matters (Series) ; 26.
Subjects:

MARC

Tag First Indicator Second Indicator Subfields
LEADER 00000cam a22000008a 4500
001 in00000012569
005 20151007051845.0
008 870309s1987 enka b 00110 eng
010 |a  87007650  
020 |a 0905028619 
020 |a 0905028600 (soft) 
035 |a (OCoLC)15428857 
035 |9 AAA5142AM 
040 |a DLC  |c DLC  |d TXA  |d UtOrBLW 
043 |a e-uk--- 
049 |a TXAM  |c [A12638206] 
050 0 0 |a LC3736.G6  |b F57 1987 
082 0 |a 371.97/00941  |2 19 
100 1 |a Fitzpatrick, Finbarré. 
245 1 4 |a The open door :  |b the Bradford bilingual project /  |c by Finbarre Fitzpatrick. 
264 1 |a Clevedon, Avon ;  |a Philadelphia :  |b Multilingual Matters,  |c [1987] 
264 4 |c ©1987 
300 |a vii, 120 pages :  |b illustrations 
336 |a text  |b txt  |2 rdacontent 
337 |a unmediated  |b n  |2 rdamedia 
338 |a volume  |b nc  |2 rdacarrier 
490 1 |a Multilingual Matters ;  |v 26 
504 |a Bibliography: pages [115]-117. 
500 |a Includes index. 
650 0 |a Education, Bilingual  |z Great Britain  |x Case studies. 
650 0 |a English language  |x Study and teaching (Elementary)  |z Great Britain  |x Foreign speakers. 
830 0 |a Multilingual matters (Series) ;  |v 26. 
999 |a MARS 
999 f f |s c3a6cc7a-7ad7-3db7-88ab-6c56c069ec9e  |i 18c0c7e0-f62b-3260-bd61-e79bfa9a0185  |t 0 
952 f f |p normal  |a Texas A&M University  |b College Station  |c Sterling C. Evans Library  |d Evans: Library Stacks  |t 0  |e LC3736.G6 F57 1987  |h Library of Congress classification  |i unmediated -- volume  |m A14812638206 
998 f f |a LC3736.G6 F57 1987  |t 0  |l Evans: Library Stacks